Les 100 villes les plus connues de France sur une Carte - Statistiques

Statistiques générales
  • Ce quiz a été pris 3 143 fois
  • Le résultat moyen est 61 sur 100
Réponses sur la Carte
Les réponses sont colorées sur une échelle allant du rouge au vert en fonction du pourcentage des utilisateurs qui les ont devinées à leur premier essai. Vous pouvez retrouver ces pourcentages ci-dessous.
 
Statistiques - réponses
Pourcentage Ville % Correct
71,2% Paris
99%
48,1% Marseille
97%
37,7% Bordeaux
95%
28,6% Lille
95%
47,4% Lyon
95%
45,1% Nice
94%
33,3% Strasbourg
93%
30,6% Toulouse
93%
26,9% Nantes
92%
13,5% Brest
90%
18,6% Rennes
90%
21,2% Montpellier
87%
14,7% Ajaccio
85%
16,9% Dijon
82%
13,3% Le Havre
82%
7,03% Bastia
80%
14,2% Caen
80%
9,59% Saint-Étienne
80%
12,0% Grenoble
79%
7,75% Perpignan
79%
8,54% La Rochelle
78%
14,1% Metz
78%
9,27% Toulon
78%
7,61% Clermont-Ferrand
77%
18,7% Dunkerque
77%
16,8% Orléans
76%
14,9% Reims
76%
8,43% Angers
75%
22,7% Calais
75%
16,6% Cannes
75%
12,1% Nancy
75%
9,57% Rouen
75%
11,2% Tours
74%
8,79% Nîmes
72%
15,4% Versailles
71%
9,07% Amiens
70%
4,14% Annecy
70%
5,06% Biarritz
70%
6,47% Pau
70%
4,41% Saint-Denis
70%
8,97% Le Mans
69%
5,62% Aix-en-Provence
68%
4,38% Bayonne
67%
3,99% Quimper
67%
7,61% Limoges
66%
4,59% Lorient
65%
6,15% Mulhouse
65%
4,30% Saint-Malo
65%
4,42% Valence
65%
9,75% Avignon
64%
5,40% Poitiers
63%
4,61% Colmar
60%
5,16% Lens
60%
5,03% Carcassonne
59%
6,05% Cherbourg-en-Cotentin
59%
2,92% Vannes
59%
4,36% Besançon
58%
5,61% Troyes
58%
2,15% Bourg-en-Bresse
57%
4,55% Auxerre
56%
3,05% Roubaix
56%
2,27% Boulogne-Billancourt
55%
2,22% Boulogne-sur-Mer
55%
1,82% Saint-Nazaire
53%
1,85% Belfort
52%
2,21% Béziers
52%
2,45% Chambéry
52%
3,28% Narbonne
51%
1,65% Laval
49%
1,90% Niort
48%
2,63% Chartres
47%
2,47% Gap
47%
2,09% Menton
46%
1,76% Nanterre
46%
2,82% Arras
45%
3,48% Bourges
45%
4,57% Saint-Tropez
45%
2,78% Valenciennes
45%
1,95% Albi
44%
1,75% Angoulême
44%
3,32% Arles
44%
2,03% Charleville-Mézières
44%
1,80% Blois
42%
1,89% Antibes
41%
1,85% Mâcon
40%
3,71% Chamonix-Mont-Blanc
39%
2,28% Nevers
39%
7,31% Vichy
36%
1,75% Foix
35%
2,22% Guingamp
35%
2,45% Dieppe
34%
3,44% Lourdes
34%
2,58% Sedan
33%
6,79% Verdun
33%
1,67% Grasse
26%
1,67% Sochaux
26%
1,87% Rochefort
25%
2,49% Aubagne
24%
1,65% Orly
18%
1,73% Saint-Germain-en-Laye
18%
Aucun quiz correspondant
Distribution des résultats
% des personnes avec chaque résultat
Percentile par nombre de réponses
Votre historique - résultats
Vous n’avez pas pris ce quiz